| 000 | 00497 a2200205 4500 | ||
|---|---|---|---|
| 003 | 404122 | ||
| 005 | 20251125134058.0 | ||
| 022 | _a26825783 | ||
| 040 |
_c Nile University of Nigeria, Abuja _erda |
||
| 050 | _a K 60 .B4 | ||
| 082 | _a K 60 .B4 | ||
| 245 | _a BIU LAW JOURNAL | ||
| 250 | _avol. 10 2025 | ||
| 260 |
_aBenin _bBIU Press _c2025 |
||
| 264 |
_aBenin _bBIU Press _c2025 |
||
| 300 | _bviii,291 pg, 30 cm. | ||
| 336 | _2rdacontent | ||
| 338 | _2rdacarrier | ||
| 942 |
_2lcc _cSERIAL |
||
| 999 |
_c44028 _d44028 |
||